[Event "TUR-ch"]
[Site "Kemer"]
[Date "2011.02.08"]
[Round "5"]
[White "Ertan, Oktay"]
[Black "Temizkan, Denizcan"]
[Result "1-0"]
[WhiteElo "1941"]
[BlackElo "1682"]
[PlyCount "165"]
[EventDate "2011.02.05"]
[EventType "swiss"]
[EventRounds "10"]
[EventCountry "TUR"]
[SourceTitle "CBM 140 Extra"]
[Source "ChessBase"]
[SourceDate "2011.03.01"]
[SourceVersion "1"]
[SourceVersionDate "2011.03.01"]
[SourceQuality "1"]

1. d4 d5 2. c4 e6 3. Nc3 Nf6 4. cxd5 exd5 5. Bg5 Be7 6. e3 0-0 7. Bd3 c6 8. Nge2 Nbd7 9. f3 Re8 10. 0-0 Nf8 11. Qc2 g6 12. Kh1 Ne6 13. Bh4 b6 14. Rad1 Bb7 15. Qd2 Nh5 16. Bf2 f5 17. a3 Bg5 18. Qe1 Qe7 19. h4 Bh6 20. g4 Nhg7 21. g5 Bxg5 22. hxg5 Qxg5 23. f4 Qg4 24. Bg3 Nh5 25. Qf2 Nf6 26. Kg2 Ng7 27. Rh1 g5 28. Qf3 Qxf3+ 29. Kxf3 g4+ 30. Kf2 Re6 31. Rde1 Rae8 32. Nd1 Ne4+ 33. Kg2 Nd2 34. Bf2 Nf3 35. Ng3 Nxe1+ 36. Bxe1 Rf6 37. Bb4 a5 38. Bd2 c5 39. Kf2 c4 40. Bc2 Bc6 41. b4 a4 42. Nc3 b5 43. Nce2 Ref8 44. Kg2 Re8 45. Nc3 Ref8 46. Be1 Re8 47. Bf2 Ref8 48. Nce2 Be8 49. Nf1 h5 50. Bh4 Rh6 51. Nc3 Bc6 52. Bg5 Rh7 53. Ng3 Rf7 54. Rh4 Kh8 55. Bd8 Rh6 56. Kf2 Kg8 57. Bg5 Rh7 58. Ke2 Kf8 59. Bd8 Rh6 60. Bb6 Kg8 61. Bc5 Kh8 62. Kf2 Kg8 63. Bb6 Kf8 64. Bd8 Ke8 65. Bg5 Rh8 66. Rh1 Kf8 67. Bh4 Rh6 68. Rb1 Ke8 69. Bd1 Kd7 70. Be2 Ke8 71. Bf1 Rd7 72. Bg2 Kf7 73. Bg5 Rh8 74. Rh1 Kg6 75. Bf1 Rf7 76. Be2 Rg8 77. Bd1 Rh8 78. Bc2 Rg8 79. Ke2 Rh8 80. Nd1 Re8 81. Nf2 Rg8 82. Nxg4 Re8 83. Kd2 1-0